logo

Bir Sreshtho Munshi Abdur Rouf Library
Jhenaidah Cadet College

Our Father of The Nation / (Record no. 13536)

MARC details
000 -LEADER
fixed length control field 00581nam a2200217 a 4500
001 - CONTROL NUMBER
JCCL Control Number 13536
003 - CONTROL NUMBER IDENTIFIER
JCCL marc code BD-JhCC
005 - DATE AND TIME OF LATEST TRANSACTION
control field 20240118105010.0
008 - FIXED-LENGTH DATA ELEMENTS--GENERAL INFORMATION
fixed length control field 240118b2018 bg a|||| ||a| 000 0 eng d
035 ## - SYSTEM CONTROL NUMBER
system control number (BD-JhCC)13536
040 ## - CATALOGING SOURCE
Original cataloging agency BD-JhCC
Modifying agency BD-JhCC
041 ## - LANGUAGE CODE
Language code of Book eng
082 ## - DEWEY DECIMAL CLASSIFICATION NUMBER
Classification number 954.9205
Author mark and Year SAH 2018
100 ## - MAIN ENTRY--PERSONAL NAME
Personal name Saha, Amal
245 ## - TITLE STATEMENT
Title Our Father of The Nation /
Statement of responsibility, etc Amal Saha
260 ## - PUBLICATION, DISTRIBUTION, ETC. (IMPRINT)
Place of publication, distribution, etc Dhaka:
Name of publisher, distributor, etc Shrabon;
Date of publication, distribution, etc 2018
300 ## - PHYSICAL DESCRIPTION
Pagination 44 p.:
Other physical details ill;
Dimensions 26cm.
490 ## - SERIES STATEMENT
Series statement Children's Biography Series-1
650 ## - SUBJECT ADDED ENTRY--TOPICAL TERM
Topical term or geographic name as entry element Bangabandhu Sheikh Mujubur Rahman
Geographic subdivision Biography
942 ## - ADDED ENTRY ELEMENTS (KOHA)
Source of classification or shelving scheme Dewey Decimal Classification
Koha item type Books
Holdings
Source of classification or shelving scheme Damaged status Not for loan Home library Current library Shelving location Date of accession Cost, normal purchase price Total Checkouts Full call number Barcode Date last seen Copy number Method of acquisition Koha item type Currency
Dewey Decimal Classification     JCC Rouf Library JCC Rouf Library General Stacks 01/18/2024 250.00   954.9205 SAH 2018 18371 01/18/2024 C-1 Purchase Books BDT

JCC Library | Contacts | JCC Home

Last Update on 23 September 2017
Copyright @ 2017-2020 JCC Rouf Library
Rouf Library, Jhenidah Cadet College (JCC), Bangladesh